Gran Hermano Argentina 2022/23 - Estadísticas

Estadísticas generales
  • Esta prueba ha sido intentada 7 veces
  • La puntuación promedio es 16 de 20
Estadísticas de respuestas
Respuesta % Correcto
Marcos Ginnocchio
100%
Mora Jabornisky
100%
Constanza Romero "Coti"
83%
Daniela Celis
83%
Alexis Quiroga
83%
Agustin Guardis
83%
Maria Laura Alvarez "Cata"
83%
Lucila Villar "La tora"
83%
Romina Urigh
83%
Juan Ignacio Castañares Puente "Nacho"
83%
Thiago Medina
83%
Tomas Holder
83%
Walter Santiago "Alfa"
83%
Camila Lattanzio
67%
Juliana Diaz
67%
Juan Reverditto
67%
Julieta Poggio
67%
Martina Stewart Usher
67%
Maximiliano Giudici
67%
Ariel Ansaldo
50%
No se encontraron pruebas coincidentes
Distribución de puntuación
Porcentaje de gente con cada puntuación
Porcentaje por número respondido
Historial de tus puntuaciones
No has intentado esta prueba.